El gran palacio sagrado de Bizancio (Record no. 7230)

MARC details
000 -CABECERA
campo de control de longitud fija 00808nam a2200265 a 4500
001 - NÚMERO DE CONTROL
campo de control BRCA_7556
005 - FECHA Y HORA DE LA ÚLTIMA TRANSACCIÓN
campo de control 20190320205903.0
008 - DATOS DE LONGITUD FIJA--INFORMACIÓN GENERAL
campo de control de longitud fija 060613s1955----mx-a######---#000-0#spa-#
041 ## - CÓDIGO DE LENGUA
Código de lengua del texto/banda sonora o título independiente spa
044 ## - CÓDIGO DEL PAÍS DE LA ENTIDAD EDITORA/PRODUCTORA
Código MARC del país mx
050 #4 - SIGNATURA TOPOGRÁFICA DE LA BIBLIOTECA DEL CONGRESO
Número de clasificación NA1370
Número de documento/Ítem .M57 1955
100 1# - ENTRADA PRINCIPAL--NOMBRE DE PERSONA
Nombre de persona Miranda, Salvador
9 (RLIN) 18638
245 10 - MENCIÓN DE TÍTULO
Título El gran palacio sagrado de Bizancio
Mención de responsabilidad, etc. Salvador Miranda ; prólogo de Manuel Toussaint.
260 ## - PUBLICACIÓN, DISTRIBUCIÓN, ETC.
Lugar de publicación, distribución, etc. México
Nombre del editor, distribuidor, etc. Stylo
Fecha de publicación, distribución, etc. c1955
300 ## - DESCRIPCIÓN FÍSICA
Extensión 220 p.
Otras características físicas il. (algunas a color), mapas, planos
Dimensiones 32 cm.
500 ## - NOTA GENERAL
Nota general Ejemplar numerado 74 de 500
500 ## - NOTA GENERAL
Nota general S34
610 24 - PUNTO DE ACCESO ADICIONAL DE MATERIA--NOMBRE DE ENTIDAD CORPORATIVA
Nombre de entidad corporativa o nombre de jurisdicción como elemento de entrada Palacio de Estambul
9 (RLIN) 18639
650 14 - PUNTO DE ACCESO ADICIONAL DE MATERIA--TÉRMINO DE MATERIA
Término de materia o nombre geográfico como elemento de entrada Arte bizantino
9 (RLIN) 18517
650 14 - PUNTO DE ACCESO ADICIONAL DE MATERIA--TÉRMINO DE MATERIA
Término de materia o nombre geográfico como elemento de entrada Arquitectura bizantina
9 (RLIN) 18640
651 #4 - PUNTO DE ACCESO ADICIONAL DE MATERIA--NOMBRE GEOGRÁFICO
Nombre geográfico Estambul
Subdivisión general Arquitectura
9 (RLIN) 18641
700 1# - PUNTO DE ACCESO ADICIONAL--NOMBRE DE PERSONA
Nombre de persona Toussaint, Manuel
Término indicativo de función/relación pról.
9 (RLIN) 6793
902 ## - CATALOGADOR
Iniciales GFM
942 ## - ELEMENTOS DE PUNTO DE ACCESO ADICIONAL (KOHA)
Fuente del sistema de clasificación o colocación Library of Congress Classification
Tipo de ítem Koha Libros
Holdings
Estado de retiro Estado de pérdida Estado dañado No para préstamo Localización permanente Ubicación/localización actual Fecha de adquisición Número de inventario Total de préstamos Signatura topográfica completa Código de barras Fecha visto por última vez Precio válido a partir de Tipo de ítem Koha
El ejemplar forma parte de la colección y puede ser consultado según las políticas vigentes.       Biblioteca del Museo Franz Mayer (Rogerio Casas-Alatriste) Biblioteca del Museo Franz Mayer (Rogerio Casas-Alatriste) 06/06/2013 S34   NA1370 .M57 1955 (S34) 8164 22/03/2019 22/03/2019 Libros